| 000 | 01686nam a22002537a 4500 | ||
|---|---|---|---|
| 003 | BJBSDDR | ||
| 005 | 20260515170537.0 | ||
| 006 | a|||||r|||| 00| 0 | ||
| 007 | ta | ||
| 008 | 260515s20182017nyu|||||r|||| 00| 0 eng d | ||
| 020 | _a9781501174193 | ||
| 040 |
_bspa _cBJBSDDR |
||
| 041 | _aeng | ||
| 050 | _bM478a 2018 | ||
| 100 | 1 |
_aMcCullough, David G., _q(David Gaub), _d1933- _93554 |
|
| 245 | 1 | 4 |
_aThe American spirit : _bwho we are and what we stand for / _cDavid G. McCullough. |
| 250 | _aFirst Simon & Schuster paperback edition | ||
| 260 |
_aNew York : _bSimon & Schuster, _c 2018 |
||
| 300 |
_axv, 174 pages : _billustrations (some color) ; _c21 cm |
||
| 505 | _aContenidos : Simon Willard's clock Civilization and the city The spirit of Jefferson Which way forward The animating spirit The lessons of history What's essential is invisible The first to reside here History lost and found The bulwark of freedom Knowing who we are The ties that bind The love of learning The summons to serve A building like no other | ||
| 520 | _aThis collection of speeches by historian David McCullough reminds us of fundamental American principles. Over the course of his distinguished career, David McCullough has spoken before Congress, the White House, colleges and universities, historical societies, and other esteemed institutions. Now, as many Americans engage in self-reflection following a bitter election campaign that has left the country divided, McCullough has collected some of his most important speeches in a brief volume that articulates important principles and characteristics that are particularly American. | ||
| 942 |
_2lcc _n0 _cBK |
||
| 946 | _illh | ||
| 999 |
_c127116 _d127116 |
||